[Event "ipca2019"]
[Site "?"]
[Date "2019.07.01"]
[Round "4.6"]
[White "Juvan, Jaka"]
[Black "Sovetov, Oleksandr"]
[Result "1/2-1/2"]
[BlackElo "2009"]
[WhiteElo "2168"]
[LiveChessVersion "1.4.8"]

1. e4 {[%clk 1:30:57]} c5 {[%clk 1:30:46]} 2. Nf3 {[%clk 1:31:21]} d6
{[%clk 1:31:07]} 3. d4 {[%clk 1:31:45]} cxd4 {[%clk 1:31:28]} 4. Nxd4
{[%clk 1:32:11]} Nf6 {[%clk 1:31:48]} 5. Nc3 {[%clk 1:32:36]} a6 {[%clk 1:32:08]}
6. h3 {[%clk 1:31:37]} e5 {[%clk 1:31:57]} 7. Nb3 {[%clk 1:32:01]} Be6
{[%clk 1:31:44]} 8. f4 {[%clk 1:31:22]} Qc7 {[%clk 1:29:12]} 9. Qf3
{[%clk 1:23:57]} Nbd7 {[%clk 1:25:26]} 10. Be3 {[%clk 1:24:05]} Be7
{[%clk 1:20:09]} 11. O-O-O {[%clk 1:18:02]} b5 {[%clk 1:14:27]} 12. Kb1
{[%clk 1:09:24]} O-O {[%clk 1:05:31]} 13. g4 {[%clk 1:06:47]} exf4
{[%clk 1:01:44]} 14. Qxf4 {[%clk 1:03:28]} Ne5 {[%clk 0:53:04]} 15. g5
{[%clk 0:59:35]} Nfd7 {[%clk 0:50:21]} 16. Nd4 {[%clk 0:58:22]} b4
{[%clk 0:33:29]} 17. Nd5 {[%clk 0:56:07]} Bxd5 {[%clk 0:33:46]} 18. exd5
{[%clk 0:56:36]} a5 {[%clk 0:31:29]} 19. h4 {[%clk 0:51:43]} Nc5 {[%clk 0:27:21]}
20. h5 {[%clk 0:50:26]} Qb6 {[%clk 0:15:52]} 21. Bb5 {[%clk 0:44:28]} a4
{[%clk 0:14:10]} 22. Bc6 {[%clk 0:44:45]} Ra5 {[%clk 0:09:53]} 23. Nf5
{[%clk 0:44:19]} Ra7 {[%clk 0:07:01]} 24. Bxc5 {[%clk 0:41:36]} Qxc5
{[%clk 0:06:53]} 25. Nxe7+ {[%clk 0:41:58]} Rxe7 {[%clk 0:07:20]} 26. Bxa4
{[%clk 0:42:27]} Nc4 {[%clk 0:04:11]} 27. Rd4 {[%clk 0:40:14]} Nb6
{[%clk 0:02:02]} 28. Bc6 {[%clk 0:40:26]} Re5 {[%clk 0:01:50]} 29. Rhd1
{[%clk 0:39:21]} Rc8 {[%clk 0:01:34]} 30. Qg4 {[%clk 0:38:47]} Rf8
{[%clk 0:01:04]} 31. g6 {[%clk 0:38:37]} fxg6 {[%clk 0:00:46]} 32. hxg6
{[%clk 0:39:01]} h5 {[%clk 0:00:58]} 33. Qh4 {[%clk 0:33:43]} Rf6
{[%clk 0:01:03]} 34. Re4 {[%clk 0:31:04]} Rxg6 {[%clk 0:00:32]} 35. Rxe5
{[%clk 0:30:51]} dxe5 {[%clk 0:00:59]} 36. Qxh5 {[%clk 0:27:04]} Rg1
{[%clk 0:00:51]} 37. b3 {[%clk 0:15:34]} Qd4 {[%clk 0:00:47]} 38. Rxg1
{[%clk 0:15:35]} Qxg1+ {[%clk 0:01:10]} 39. Kb2 {[%clk 0:16:00]} Qd4+
{[%clk 0:01:14]} 40. Kc1 {[%clk 0:16:29]} Nxd5 {[%clk 0:00:36]} 41. Qe8+
{[%clk 0:16:06]} Kh7 {[%clk 0:01:04]} 42. Bb5 {[%clk 0:16:23]} Nf6
{[%clk 0:00:33]} 43. Qe6 {[%clk 0:15:53]} Qa1+ {[%clk 0:00:35]} 44. Kd2
{[%clk 0:16:07]} Ne4+ {[%clk 0:00:39]} 45. Ke2 {[%clk 0:15:55]} Nc3+
{[%clk 0:00:48]} 46. Kf2 {[%clk 0:16:23]} Nxb5 {[%clk 0:00:40]} 47. Qh3+
{[%clk 0:16:51]} Kg6 {[%clk 0:00:35]} 48. Qd3+ {[%clk 0:17:12]} Kf6
{[%clk 0:00:35]} 49. Qxb5 {[%clk 0:17:34]} Qd4+ {[%clk 0:00:45]} 50. Ke2
{[%clk 0:17:35]} g5 {[%clk 0:00:36]} 51. Qc6+ {[%clk 0:17:25]} Kf5
{[%clk 0:00:50]} 52. Qc8+ {[%clk 0:17:54]} Kf4 {[%clk 0:00:36]} 53. Qf8+
{[%clk 0:18:16]} Kg4 {[%clk 0:00:33]} 54. Qf3+ {[%clk 0:18:23]} Kh4
{[%clk 0:00:32]} 55. Qh1+ {[%clk 0:18:11]} Kg3 {[%clk 0:00:55]} 56. Qf3+
{[%clk 0:18:30]} 1/2-1/2